000 00555nam a2200205Ia 4500
999 _c13308
_d13308
003 0100
005 20180129094235.0
008 130303s9999 xx 000 0 und d
020 _a521205727
040 _cARRUPELIB
050 _aDT549.42.C77 1975
100 _aCruise O'Brien, Donald Brian
_938938
245 _aSaints and politicians:
_bessays in the organisation of a Senegalese peasant society /
260 _aLondon
_bCambridge University Press
_c1975
300 _a213p.
300 _b 24cm.
440 _aAfrican studies series ; no. 15
_938939
650 _aWolofs
_xPolitics
_938940
650 _aSenegal
_xPolitics
_938941
650 _aCommunity leadership
_xCase studies
_938942
942 _2lcc
_cMONOGRAPH